Exhibiting the German past : museums, film, and musealization /

Bibliographic Details
Other Authors: McIsaac, Peter (Editor), Mueller, Gabriele (Editor)
Format: Book
Language:English
Published: Toronto : University of Toronto Press, [2015]
Series:German and European studies.
Subjects:

MARC

Tag First Indicator Second Indicator Subfields
LEADER 00000cam a2200000 i 4500
001 in00003594021
005 20170928135306.0
008 150417t20152015onca b 001 0 eng d
020 |a 9781442649651 (bound) 
020 |a 1442649658 (bound) 
035 |a (OCoLC)ocn898163023 
040 |a NLC  |b eng  |e rda  |c NLC  |d CDX  |d C#P  |d UtOrBLW 
043 |a e-gw--- 
049 |a TXAM 
050 4 |a AM49  |b .E94 2015 
055 0 |a AM7  |b E95 2015 
082 0 |a 069.0943  |2 23 
245 0 0 |a Exhibiting the German past :  |b museums, film, and musealization /  |c edited by Peter M. McIsaac and Gabriele Mueller. 
264 1 |a Toronto :  |b University of Toronto Press,  |c [2015] 
264 4 |c ©2015 
300 |a vi, 300 pages :  |b illustrations ;  |c 24 cm. 
336 |a text  |b txt  |2 rdacontent 
337 |a unmediated  |b n  |2 rdamedia 
338 |a volume  |b nc  |2 rdacarrier 
490 1 |a German and European studies 
504 |a Includes bibliographical references and index. 
650 0 |a Museums  |x Social aspects  |z Germany. 
650 0 |a Museum exhibits  |x Social aspects  |z Germany. 
650 0 |a Motion pictures  |x Social aspects  |z Germany. 
651 0 |a Germany  |x In motion pictures. 
651 0 |a Germany  |x In popular culture. 
650 0 |a Collective memory  |z Germany.  |0 http://id.loc.gov/authorities/subjects/sh2009120624 
700 1 |a McIsaac, Peter,  |e editor.  |0 http://id.loc.gov/authorities/names/no2002010816 
700 1 |a Mueller, Gabriele,  |e editor.  |0 http://id.loc.gov/authorities/names/n2015071924 
830 0 |a German and European studies.  |0 http://id.loc.gov/authorities/names/no2006094211 
945 |a PromptCat  |b 351736 
946 |a stk 
947 |a A14842911456 
948 |a cataloged  |b h  |c 2015/10/21  |d c  |e dmitchel  |f 9:30:20 am 
994 |a 92  |b TXA 
999 f f |s 4ea01213-4efa-3414-85c2-228702cefbef  |i 98eaca87-d331-3d83-b08c-43177c5f892a  |t 0 
952 f f |p normal  |a Texas A&M University  |b College Station  |c Sterling C. Evans Library  |d Evans: Library Stacks  |t 0  |e AM49 .E94 2015  |h Library of Congress classification  |i unmediated -- volume  |m A14842911456 
998 f f |a AM49 .E94 2015  |t 0  |l Evans: Library Stacks